[Event "Sinquefield Cup 3rd"]
[Site "Saint Louis"]
[Date "2015.08.31"]
[Round "8"]
[White "Carlsen, Magnus"]
[Black "Nakamura, Hikaru"]
[Result "1/2-1/2"]
[WhiteElo "2853"]
[BlackElo "2814"]
[Annotator "Wagner,D"]
[PlyCount "190"]
[EventDate "2015.08.23"]
[EventType "tourn"]
[EventRounds "9"]
[EventCountry "USA"]
[EventCategory "22"]
[SourceTitle "CBM 168"]
[Source "ChessBase"]
[SourceDate "2015.09.14"]
[SourceVersion "1"]
[SourceVersionDate "2015.09.14"]
[SourceQuality "1"]
[TimeControl "40/7200:3600+30"]

{The day before Carlsen had lost an unbelievable game against Grischuk. After
losing his objectivity in a completely equal position he had to suffer for a
long time in an ending a pawn down. Nakamura on the other hand was outplayed
by Aronian after unconvincing preparation in a Spanish line.} 1. d4 {[%emt 0:
00:03]} d5 {[%emt 0:00:10] I was following the live commentary where former
World Champion Garry Kasparov joined Yasser Seirawan and Jennifer Shahade in
the commentary room. When asked which opening he would have recommended
Nakamura against Carlsen he immediately responded: King's Indian, of course!} (
1... Nf6 $1 2. c4 g6 3. Nc3 Bg7 $1) 2. c4 {[%emt 0:00:06]} e6 {[%emt 0:00:03]}
3. Nc3 {[%emt 0:00:07]} Be7 {[%emt 0:00:04] But instead Nakamura goes for the
solid Queen's Gambit, a decent opening of course, but in the specific
tournament situation I would tend to agree with Kasparov. After his loss on
the previous day it would have been more unpleasant for Carlsen to face
concrete problems in a sharp line, where on top of that it's easier for
Nakamura to unfold his full potential.} 4. Bf4 {[%emt 0:01:23]} Nf6 {[%emt 0:
00:16]} 5. e3 {[%emt 0:00:10]} O-O {[%emt 0:00:29]} 6. a3 $5 {[%emt 0:00:22]
The main point of this line is to prevent 6...Nbd7, so 6...b6 is considered
the right reply now, because a3 is not that useful in the b6-setup.} c5 {
[%emt 0:08:20] A risky choice, because Carlsen has lots of experience in this
line with both colours.} (6... b6 $1) (6... Nbd7 $6 7. Nb5 $1) 7. dxc5 {
[%emt 0:00:11]} Bxc5 {[%emt 0:00:07]} 8. Nf3 {[%emt 0:00:06]} Nc6 {[%emt 0:00:
56]} 9. Qc2 {[%emt 0:00:37]} Qa5 {[%emt 0:21:02]} (9... Re8 {was played by
Carlsen himself in his last World Championship match with Anand.} 10. Bg5 Be7
11. Rd1 Qa5 12. Bd3 h6 13. Bh4 dxc4 14. Bxc4 a6 15. O-O b5 16. Ba2 Bb7 17. Bb1
Rad8 18. Bxf6 Bxf6 19. Ne4 Be7 20. Nc5 Bxc5 21. Qxc5 b4 $11 {1/2 (41)-1/2 (41)
Anand, V (2792)-Carlsen,M (2863) Sochi 2014}) 10. Rd1 {[%emt 0:00:13]} Be7 {
[%emt 0:01:43]} 11. Be2 {[%emt 0:00:22]} Ne4 {[%emt 0:02:11] I wonder what
went wrong with Nakamura's preparation, because this line is considered
dubious already for quite a long time.} (11... dxc4 12. Bxc4 Nh5 {is another
line, where White gets a small plus.}) 12. cxd5 {[%emt 0:01:39]} Nxc3 {[%emt 0:
00:16]} 13. Qxc3 {[%emt 0:00:07]} (13. bxc3 $5 {seems also pleasant for White.}
exd5 14. O-O Bf6 15. c4 Be6 16. Bg5 dxc4 17. Bxf6 gxf6 18. Bxc4 Qc5 19. Rc1
Qxc4 20. Qxc4 Bxc4 21. Rxc4 $16 {1-0 (37) Giri,A (2752)-Kasimdzhanov,R (2700)
Rosmalen 2014}) 13... Qxc3+ {[%emt 0:00:15]} 14. bxc3 {[%emt 0:00:03]} exd5 {
[%emt 0:00:10]} 15. Rxd5 {[%emt 0:00:05]} Bxa3 {[%emt 0:04:29]} 16. Nd4 $1 {
[%emt 0:00:52] A strong centralization move} Nxd4 {[%emt 0:03:50]} (16... a5 {
is the other move that has been played here.} 17. Rb5 (17. Kd2 $5 a4 18. Kc2
Be7 19. Bf3 $14) 17... a4 18. Kd2 Be7 19. Ra1 Ra7 20. Bg5 f6 21. Bf4 Rd8 22.
Bc7 Re8 23. Bb6 Ra8 24. Bc4+ Kf8 25. Ne6+ Bxe6 26. Bxe6 Bd6 27. Bd5 $16 {
1-0 (41) Sokolov,I (2657)-Meier,G (2608) Budva 2009}) 17. exd4 {[%emt 0:00:13]}
b6 {[%emt 0:05:32]} 18. Kd2 $14 {[%emt 0:03:18] It's time to make a cut and
evaluate the position that has arisen. White has a protected passed pawn in
the centre, while Black has one on the a-file. The White king is centralized
and his other pieces are also active. Black on the other hand has an awkward
piece placement. Especially his bishops are struggling to find good spots, as
will also be demonstrated by the game later on. All in all White has a pretty
decent and riskfree advantage, normally a dream position for our World
Champion.} Be6 {[%emt 0:10:29]} 19. Rb5 {[%emt 0:00:14]} Bd7 {[%emt 0:00:11]}
20. Rb3 {[%emt 0:03:19]} Be7 {[%emt 0:00:02]} 21. Bf3 {[%emt 0:05:04]} Ba4 {
[%emt 0:06:33] The other bishop has emerged to the edge of the board.} (21...
Rac8 22. Ra1 $18 {loses already a pawn!}) 22. Rb2 {[%emt 0:00:49]} Rad8 {
[%emt 0:00:04]} 23. Ra1 {[%emt 0:07:42]} b5 {[%emt 0:00:06] The only way to
prevent losing material, but now Black has built a cage for his own bishop.}
24. Bc6 {[%emt 0:12:46]} a6 {[%emt 0:00:07]} 25. Bb7 {[%emt 0:09:42]} Bd6 {
[%emt 0:00:22]} 26. Be3 {[%emt 0:00:23]} a5 {[%emt 0:01:30]} 27. Bc6 {[%emt 0:
00:37] logical and efficient play so far. The weak pawns are attacked and
become even weaker by advancing.} Rb8 {[%emt 0:01:07]} 28. d5 $18 {[%emt 0:00:
44]} Rfd8 {[%emt 0:07:30]} (28... Be5 {[%cal Gb5b4]} 29. f4 Bf6 30. Kd3 $18 {
is no better.}) 29. Kd3 {[%emt 0:00:34] White is in full control!} Bf8 {
[%emt 0:03:41]} 30. Bd4 {[%emt 0:01:35]} f6 {[%emt 0:01:47]} 31. Ke4 {[%emt 0:
07:14]} Bd6 {[%emt 0:09:18]} 32. c4 $6 {[%emt 0:01:49] This is not the kind of
technical play to which we are accustomed from Magnus. Although this is
winning there was no need to hurry.} ({Instead the position could have been
improved slowly but surely with e.g.} 32. g3 $5 $18 {[%cal Gf2f4] intending to
improve the position to the maximum, before c4 is carried out. Black can't do
anything.}) 32... Bb4 {[%emt 0:00:33]} 33. Ba7 {[%emt 0:04:40]} f5+ $1 {
[%emt 0:06:37] Nakamura is always capable of finding some tricks to create
problems for his opponent.} 34. Kf3 {[%emt 0:01:41]} Rbc8 {[%emt 0:02:42]} 35.
cxb5 {[%emt 0:05:04]} Bxb5 {[%emt 0:00:12]} 36. Bxb5 {[%emt 0:00:08]} Bc3 {
[%emt 0:00:04]} 37. Rab1 {[%emt 0:01:20]} (37. Rba2 Bxa1 38. Rxa1 Rxd5 39. Rxa5
$1 Kf8 40. Bb6 Rb8 41. Bc4 Rxa5 42. Bxa5 $18 {should be winning for White, but
there is still some technical work ahead of him. I give a sample line to
illustrate how play may continue. White has to display some accuracy to break
down Black's defence.} g6 43. Bd2 Kg7 44. Bc3+ Kf8 45. Ke3 Rc8 46. Kd4 Re8 47.
g3 Kg7 48. h4 Kh6 49. Bb5 Re6 50. Kd5 Re7 51. Kd6 Rb7 (51... Re4 52. f3 $1 $18
{pretty domination!}) 52. Be2 Ra7 53. Bd4 Ra4 54. Be3+ Kg7 55. Bb5 Re4 56. Bc6
Rb4 57. Ke7 Rc4 58. Bd5 Ra4 59. Bd2 Ra3 60. Bb4 Ra7+ 61. Ke8 h5 (61... Ra6 62.
Bc3+ Kh6 63. Kf8 $18) 62. Bc3+ Kh6 63. Kf8 Rc7 64. Bd4 Rc8+ 65. Kf7 Kh7 66. Be3
Rc3 67. Kf6 Ra3 68. Kg5 Ra6 69. Bf4 Rb6 70. Bf7 Kg7 71. Bc4 Kh7 72. Be5 Rb7 73.
f3 Ra7 74. Kf6 Kh6 (74... Rb7 75. Bf7 Rb6+ 76. Kg5 $18) 75. Bc3 Rc7 76. Bd2+
Kh7 77. Bf7 Rc6+ 78. Kg5 Kg7 (78... f4 79. Bxf4 (79. g4 $5 $18) 79... Kg7 80.
Bxg6 Rxg6+ 81. Kxh5 $18) 79. Be8 $18 Ra6 80. Bc3+ Kh7 81. Bf6 $18) 37... Bxb2 {
[%emt 0:00:05]} 38. Rxb2 {[%emt 0:00:04]} Rxd5 {[%emt 0:00:04]} 39. Be3 $2 {
[%emt 0:00:40] This doesn't make any sense. Maybe Magnus just blundered 39...
Rb8, because afterwards I saw him shaking his head in frustration on the
livestream.} (39. Ba4 $1 $18 {It's obvious that White should prevent a rook
exchange.} Rc3+ 40. Ke2 Re5+ 41. Kd2 Rc8 42. Rb7 Kf8 43. Be3 Rc4 44. Bb3 Rb4
45. Rxb4 axb4 46. Kd3 $18) 39... Rb8 {[%emt 0:01:21]} 40. Bc4 {[%emt 0:00:00]}
Rxb2 {[%emt 0:00:00]} 41. Bxd5+ {[%emt 0:00:12]} Kh8 {[%emt 0:00:00] White
could have achieved the same position without the black a-pawn! Although he
has still winning chances this makes quite a huge difference. Especially from
a psychological point of view White's chances of success have dramatically
decreased.} 42. Bd4 {[%emt 0:05:06]} Rb1 {[%emt 0:05:54]} 43. Ke2 {[%emt 0:12:
22]} a4 {[%emt 0:02:20]} 44. g3 {[%emt 0:00:56]} a3 {[%emt 0:08:56]} 45. Kd2 {
[%emt 0:01:21]} h5 {[%emt 0:02:29]} 46. h4 {[%emt 0:06:57]} Kh7 {[%emt 0:01:18]
} 47. Bc4 {[%emt 0:09:31]} g6 {[%emt 0:09:32]} 48. Kc2 {[%emt 0:04:30]} Re1 {
[%emt 0:05:08]} (48... Rb8 $5 {It's not clear how White makes progress against
this setup either. The rook cuts the king from the a-pawn.}) 49. Be3 {[%emt 0:
02:43]} (49. Kb3 $2 a2 $19) (49. Bc5 f4 $1 50. Bxa3 (50. gxf4 Re4) 50... fxg3
51. fxg3 Re8 {is like the game.}) 49... f4 $1 {[%emt 0:00:33] a good pawn
exchange!} 50. Bxf4 {[%emt 0:07:23]} (50. gxf4 Rh1 $132) 50... a2 {[%emt 0:00:
06]} 51. Bxa2 {[%emt 0:00:06]} Re2+ {[%emt 0:00:02]} 52. Kb3 {[%emt 0:00:26]}
Rxf2 {[%emt 0:00:04] This is already a convincing fortress! A major problem
for White is that Black sometimes has the possibility to sacfrice his rook for
the dark-squared bishop if he manages to exchange g-pawns afterwards.} 53. Bb1
{[%emt 0:00:07]} Re2 {[%emt 0:01:01]} 54. Kc4 {[%emt 0:00:09]} Kg7 {[%emt 0:00:
27]} 55. Kd5 {[%emt 0:00:24]} Re1 {[%emt 0:04:59]} 56. Bc2 {[%emt 0:01:14]} Re2
{[%emt 0:01:53]} 57. Bd3 {[%emt 0:00:46]} Re1 {[%emt 0:00:47]} 58. Be4 {
[%emt 0:02:03]} (58. Be5+ Kh7 59. Ke6 {White cannot make progress this way,
because Black can solve his problems radically:} Kh6 $1 60. Kf6 Rxe5 $1 61.
Kxe5 g5 $1 $11 62. hxg5+ Kxg5 63. Be2 h4 64. g4 h3 $11) 58... Rd1+ {[%emt 0:01:
31]} 59. Ke5 {[%emt 0:00:37]} Re1 {[%emt 0:00:35]} 60. Bd2 {[%emt 0:01:04]} Re2
{[%emt 0:02:01]} 61. Bc3 {[%emt 0:01:04]} Kh6 {[%emt 0:01:01]} 62. Bb4 {
[%emt 0:01:57]} Rf2 {[%emt 0:01:25] White is unable to cross the f-file.} 63.
Bc5 {[%emt 0:00:24]} Rf1 {[%emt 0:00:18]} 64. Bb4 {[%emt 0:01:29]} Rf2 {
[%emt 0:01:16]} 65. Be7 {[%emt 0:02:02]} Rf1 {[%emt 0:01:21]} 66. Bf6 {[%emt 0:
04:15]} Rg1 {[%emt 0:01:52]} 67. Bg5+ {[%emt 0:02:29]} Kg7 {[%emt 0:00:05]} 68.
Bf4 {[%emt 0:00:45]} Re1 {[%emt 0:00:04]} 69. Kd5 {[%emt 0:00:09]} Rd1+ {
[%emt 0:01:22]} 70. Ke6 {[%emt 0:00:44]} Re1 {[%emt 0:00:07]} 71. Ke5 {[%emt 0:
00:07] I think about here Nakamura claimed a draw on a three-fold-repetition.
The position has indeed been reached for a third time, but while now it's
Black´s turn to move, in the earlier versions it was White to move. So after
adding some extra time to Magnus' clock the game continued.} Re2 {[%emt 0:00:
33]} 72. Kd5 {[%emt 0:00:00]} Re1 {[%emt 0:01:02]} 73. Bd3 {[%emt 0:00:00]} Kh7
{[%emt 0:02:41]} 74. Kd4 {[%emt 0:00:00]} Kg7 {[%emt 0:00:19]} 75. Be3 {
[%emt 0:00:00]} Ra1 {[%emt 0:03:14]} 76. Ke4 {[%emt 0:00:00]} Ra4+ {[%emt 0:03:
16]} 77. Kf3 {[%emt 0:00:03]} Ra3 {[%emt 0:00:34]} 78. Bb5 {[%emt 0:00:24]} Rb3
{[%emt 0:00:23]} 79. Be8 {[%emt 0:00:10]} Rb1 {[%emt 0:00:36]} 80. Bc6 {
[%emt 0:02:12]} Rb4 {[%emt 0:01:10]} 81. Bd2 {[%emt 0:02:24]} Rb6 {[%emt 0:00:
24]} 82. Bc3+ {[%emt 0:00:20]} Kh6 {[%emt 0:00:14]} 83. Bd5 {[%emt 0:00:06]}
Rb1 {[%emt 0:00:58]} 84. Kf4 {[%emt 0:01:26]} Rf1+ {[%emt 0:02:44]} 85. Ke5 {
[%emt 0:00:08]} Rg1 {[%emt 0:04:57]} 86. Bd2+ {[%emt 0:04:47]} Kg7 {[%emt 0:00:
01]} 87. Bf4 {[%emt 0:00:13]} Re1+ {[%emt 0:00:23]} 88. Kd6 {[%emt 0:00:20]}
Kf6 {[%emt 0:00:02]} 89. Bf3 {[%emt 0:04:34] This allows Black to end his
suffering:} (89. Bc6 Rd1+ $11) 89... Kf5 $1 {[%emt 0:00:55]} 90. Kd5 {[%emt 0:
00:08]} Rf1 {[%emt 0:00:31]} 91. Be4+ {[%emt 0:01:04]} Kg4 {[%emt 0:00:50]} 92.
Bxg6 {[%emt 0:00:35]} Rxf4 {[%emt 0:00:06]} 93. gxf4 {[%emt 0:00:08]} Kxf4 {
[%emt 0:00:03]} 94. Bxh5 {[%emt 0:00:17]} Kg3 {[%emt 0:00:05]} 95. Bd1 {
[%emt 0:00:07]} Kxh4 {Very tenacious defence by Nakamura and another
disappointment for Carlsen. In my opinion it's only a matter of time, till
Carlsen finds back his form. In an interview during this game Garry Kasparov
was asked whom he saw as the biggest threat to Carlsen recently. His answer
was telling: Magnus Carlsen!} 1/2-1/2

[Event "Norway Chess 5th"]
[Site "Stavanger"]
[Date "2017.06.16"]
[Round "9"]
[White "So, Wesley"]
[Black "Aronian, Levon"]
[Result "1/2-1/2"]
[WhiteElo "2812"]
[BlackElo "2793"]
[Annotator "Yermolinsky,A"]
[PlyCount "117"]
[EventDate "2017.06.06"]
[EventType "tourn"]
[EventRounds "9"]
[EventCountry "NOR"]
[EventCategory "22"]
[SourceTitle "CBM 179"]
[Source "ChessBase"]
[SourceDate "2017.07.12"]
[SourceVersion "1"]
[SourceVersionDate "2017.07.12"]
[SourceQuality "1"]

1. d4 Nf6 2. c4 e6 3. Nf3 d5 4. Nc3 Be7 5. Bf4 {It seems White has totally hit
the wall in this line.} ({Perhaps, it's time to switch back to} 5. Bg5 {
particularly with the idea of meeting the popular Lasker Defence,} O-O 6. e3 h6
7. Bh4 Ne4 8. Bxe7 Qxe7 9. Rc1 c6 {with} 10. g4 $1 ({or} 10. h4 {first}) 10...
Nd7 11. h4 {- Aronian-Harikrishna, 2011, and Matlakov-Howell, Euro Individual
Ch 2017}) 5... O-O 6. e3 Nbd7 $1 {It's mainly about this move.} 7. a3 ({
The only way to stop c7-c5 is, well,} 7. c5 {which brought Anand success in a
World Championship match game against Carlsen in 2014, but since then White
has had precious little success with it. Wesley himself scored only 0.5-1.5 in
two tries against Nakamura a year ago.} c6) 7... c5 8. cxd5 Nxd5 9. Nxd5 exd5
10. dxc5 Nxc5 {The point of Black's play. Instead of directly challenging
White's stronghold on d4, the black knight prefers to stay active.} 11. Be5 Bf6
{The simplest.} (11... Bf5 {Mamedyarov-Kramnik, 2016, is a nice developing
move, but the game showed us how White benefits from his own complete
development more than Black. After} 12. Be2 Bf6 13. O-O $5 Bxe5 14. Nxe5 Qf6 {
Shak played the energetic} 15. b4 $1 {and was able to obtain something of an
edge.}) 12. Bxf6 (12. Be2 Bxe5 13. Nxe5 Qd6 14. Nf3 Bd7 $1 {is very similar to
the game.} 15. O-O (15. Nd4 Ba4 16. Qd2 Nb3 17. Nxb3 Bxb3 18. Rc1 Rfd8) 15...
Ba4 16. Qd4 Rac8 {The black bishop deprives the white rooks of their
birthright d1-square, effectively neutralising the pressure against the
isolated pawn.}) 12... Qxf6 13. Qd4 Qe7 14. Rd1 Rd8 15. Be2 Bf5 16. Qb4 a5 17.
Qc3 Ne4 18. Qd4 Nc5 19. Qc3 Ne4 20. Qe5 Qxe5 21. Nxe5 Rac8 22. Nf3 Nc5 23. Nd4
Bd7 $1 {The key manoeuvre.} 24. f3 Ba4 25. Rd2 Nb3 26. Nxb3 Bxb3 27. Kf2 Rd6
28. f4 g6 {If White could only airlift his Rh1 to d4, then the pressure on d5
would give him fair chances. In the real world, it is not going to happen.} 29.
e4 {Wesley knows it and decides to change the pawn structure.} Rf6 30. exd5
Rxf4+ 31. Bf3 Rd8 32. Kg3 Rf6 33. Rc1 Rfd6 {Rock solid again, and I will leave
the rest of the game without notes.} 34. Rd4 a4 35. h4 Kg7 36. Rc3 h6 37. Rc7
Bxd5 38. Rxa4 Bxf3 39. gxf3 b5 40. Rf4 R8d7 41. Rxd7 Rxd7 42. Rb4 Rd5 43. Kf4
f5 44. Ke3 Kf6 45. Rd4 Rxd4 46. Kxd4 g5 47. hxg5+ hxg5 48. b3 Ke6 49. a4 bxa4
50. bxa4 Kd6 51. a5 g4 52. fxg4 fxg4 53. a6 Kc7 54. a7 Kb7 55. a8=Q+ Kxa8 56.
Kd3 g3 57. Ke2 g2 58. Kf2 g1=Q+ 59. Kxg1 1/2-1/2

[Event "Palma de Mallorca FIDE GP"]
[Site "Palma de Mallorca"]
[Date "2017.11.17"]
[Round "2"]
[White "Aronian, Levon"]
[Black "Inarkiev, Ernesto"]
[Result "1-0"]
[WhiteElo "2801"]
[BlackElo "2683"]
[Annotator "Yermolinsky,A"]
[PlyCount "67"]
[EventDate "2017.11.16"]
[EventType "swiss"]
[EventRounds "9"]
[EventCountry "ESP"]
[SourceTitle "CBM 182"]
[Source "ChessBase"]
[SourceDate "2018.01.17"]
[SourceVersion "1"]
[SourceVersionDate "2018.01.17"]
[SourceQuality "1"]

1. d4 d5 2. c4 e6 3. Nf3 Nf6 4. Nc3 Be7 5. Bf4 O-O 6. e3 c5 7. dxc5 Bxc5 8. Qc2
Nc6 9. Rd1 Qa5 10. a3 Re8 11. Nd2 e5 12. Bg5 Nd4 {This whole line has been
known since Korchnoi-Karpov, World Championship Match (21) Baguio City 1978}
13. Qb1 (13. Qc1 Bf5 14. Bxf6 Nc2+ 15. Ke2 Nd4+ {Carlsen-Nakamura, Isle of Man
2017, is a forced draw. White would pay dearly for his king's irresponsible
walk in the event of} 16. exd4 exd4+ 17. Kf3 dxc3 18. Qxc3 (18. Bxc3 Qb6) 18...
Qa4 19. b3 Qc6 $19) 13... Bf5 14. Bd3 Bxd3 ({In the above mentioned stem game
Karpov reacted with} 14... e4 {and here, according to modern computer research
White can win after} 15. Bf1 (15. Bc2 {was Victor's choice and he won anyway!})
15... Ng4 16. cxd5 Ne5 17. exd4 Nf3+ 18. gxf3 exf3+ 19. Be3 Bxb1 20. Nc4 {
He just has too much for the queen, and Black's attack is petering out soon.})
15. Qxd3 Ne4 {All book up to this point, and we were all wondering why Levon
Aronian would enter this seemingly exhausted line.} 16. Nxd5 $5 {That's why.} (
{Previously known moves were} 16. Ncxe4 dxe4 17. Qxe4 Qb6) ({and} 16. cxd5 Nxc3
17. bxc3 Nb5 18. Ne4 Nd6 19. Nxd6 Bxd6 20. e4 Rec8 {In both case Black
equalises.}) 16... Nxg5 17. b4 Qa6 {Facing new problems at the board Inarkiev
opts to keep his queen on the queenside.} ({Actually,} 17... Qd8 18. bxc5 Nde6
{made sense, just to keep the other knight safe against harassment from the
white queen.}) (17... Qxa3) 18. bxc5 Rad8 $1 {Hitting the knight thanks to the
pin on the a6-f1 diagonal.} (18... Nde6 {was no longer sufficient, as} 19. Qf5
$1 h6 20. O-O Qc6 21. h4 Nh7 22. f4 $1 {gives White a powerful initiative.} ({
Not too bad either is to snatch a pawn:} 22. Qxe5 Nxc5 23. Qb2) 22... exf4 23.
Ne4 $1 fxe3 24. Rde1 f6 25. Rxe3 Kh8 26. Nd6 {etc.}) 19. Nb4 Qa4 20. Qb1 {
White is operating strictly with 'only moves', which speaks highly of the
quality of Aronian's preparation or the high level of confidence Levon has
these days. No matter how you look at it, Levon is just playing great chess
now.} a5 $6 {Very tempting. Who would resist a chance to send the white king
on a journey away from home?} ({Objectively speaking, Black's best was} 20...
Nc6 21. Qb3 Qa5 22. O-O Qxc5 23. h4 Ne6 24. Ne4 Qe7 $14) 21. Nd5 Nc2+ 22. Ke2
Ne4 (22... Ne6 23. Nb6) 23. Nxe4 Qxc4+ 24. Kf3 Rxd5 {A quick look at this
position may be deceptive. No, Black has no attack, and his knight is stuck on
c2. The picture became clear after Levon's next move.} 25. g4 $3 {It's amazing
to see a standard positional move like this be more than sufficient to secure
White's large advantage. It's all about stopping f7-f5.} f5 $2 {I think
Ernesto was unable to come to terms with his failure to trouble Aronian's king.
This nervous attempt only speeds up Black's demise.} (25... Rxd1 26. Rxd1 Rf8
27. Qxb7 $16) ({The most challenging try is} 25... h5 $5 26. h3 Rxc5 27. Nxc5
Qxc5 {[#] Now White has to be extra careful.} (27... e4+ {is also there.}) 28.
Qb3 $1 (28. Qxb7 $2 {suddenly loses to} e4+ 29. Kg2 Nxe3+ $1 30. fxe3 Qc2+ 31.
Kg3 h4+ $1 32. Kxh4 Qf2+ 33. Kh5 g6+ 34. Kg5 Re5+ 35. Kh6 Qh4#) 28... e4+ 29.
Kg2 Nxa3 30. Qxb7 {Now everything has calmed down, and White should be able to
convert.}) 26. gxf5 Rf8 27. Qxb7 Rxf5+ 28. Kg3 Rxd1 29. Rxd1 $18 Nd4 {Nothing
helps.} ({White wins everywhere:} 29... h6 30. Rd7 Rf7 31. Nd6) ({or} 29... Rf7
30. Rd8+ Rf8 31. Qe7 Qf7 32. Qxf7+ Kxf7 33. Nd6+ Ke7 34. Rxf8 Kxf8 35. c6) 30.
exd4 Rf7 31. Qb1 Rf4 32. f3 Qe6 33. Ng5 Qh6 34. Qb8+ {How does Levon do this?}
1-0